[Event "Titled Tuesday intern op 09th Jan Early"]
[Site "Chess.com INT"]
[Date "2024.01.09"]
[Round "3"]
[White "Vila Dupla, Aurelio"]
[Black "Pandey, Srishti"]
[Result "0-1"]
[WhiteElo "2030"]
[BlackElo "2184"]
[PlyCount "62"]
[EventDate "2024.01.09"]
[EventType "swiss (blitz)"]
[EventRounds "11"]
[EventCountry "USA"]
[SourceTitle "CB03_2024"]
[SourceDate "2024.01.17"]
[SourceVersion "1"]
[SourceVersionDate "2024.01.17"]
[SourceQuality "1"]

1. Nf3 Nf6 2. d4 d6 3. g3 g6 4. Bg2 Bg7 5. 0-0 0-0 6. c4 Nc6 7. Nc3 e5 8. dxe5 dxe5 9. Bg5 Be6 10. Nd5 e4 11. Nxf6+ Bxf6 12. Qxd8 Bxd8 13. Bxd8 exf3 14. Bxc7 fxg2 15. Kxg2 Rac8 16. Bd6 Rfd8 17. c5 b6 18. Rfc1 Nd4 19. e3 Nf5 20. Rd1 bxc5 21. Be5 Bd5+ 22. Kg1 Bf3 23. Rxd8+ Rxd8 24. Bc3 Nd6 25. h3 Ne4 26. Be1 f5 27. Kh2 c4 28. g4 fxg4 29. hxg4 Bxg4 30. Rc1 Rd1 31. Rxd1 Bxd1 0-1

[Event "Budapest Vezerkepzo IM Christmas"]
[Site "Budapest"]
[Date "2023.12.29"]
[Round "4"]
[White "Pandey, Srishti"]
[Black "Mohammad, Nubairshah Shaikh"]
[Result "0-1"]
[WhiteElo "2195"]
[BlackElo "2434"]
[PlyCount "106"]
[EventDate "2023.12.26"]
[EventType "tourn"]
[EventRounds "9"]
[EventCountry "HUN"]
[SourceTitle "CB02_2024"]
[SourceDate "2024.01.10"]
[SourceVersion "1"]
[SourceVersionDate "2024.01.10"]
[SourceQuality "1"]

1. e4 c5 2. Nf3 e6 3. d4 cxd4 4. Nxd4 Nc6 5. Nc3 Qc7 6. Be3 a6 7. a3 b5 8. Nxc6 Qxc6 9. Be2 Bb7 10. 0-0 Rc8 11. Qd3 h6 12. Rfd1 Nf6 13. Bf3 Qc7 14. Rac1 d6 15. Bf4 e5 16. Be3 Qc4 17. Re1 Be7 18. g3 0-0 19. Bg2 Rc7 20. Qd2 Rfc8 21. Bb6 Rc6 22. Ba7 Ra8 23. Nd5 Nxd5 24. exd5 Rcc8 25. Be3 a5 26. h4 Bf8 27. Qd1 b4 28. b3 Qc7 29. a4 f5 30. Qd2 Qf7 31. Red1 Rc3 32. Bf1 Be7 33. Kh2 f4 34. gxf4 Qh5 35. fxe5 Rf8 36. Kg1 Rf5 37. Bg2 dxe5 38. Re1 Bxh4 39. Rf1 e4 40. Bd4 Rcf3 41. Be3 Bf6 42. Rfd1 Be5 43. c4 bxc3 44. Rxc3 Qh2+ 45. Kf1 Bxc3 46. Qxc3 Ba6+ 47. Ke1 Qxg2 48. Qc5 Qf1+ 49. Kd2 Qe2+ 50. Kc1 Rxf2 51. Bxf2 Rxf2 52. Qc3 Bd3 53. Rg1 Qe3+ 0-1

[Event "Budapest Vezerkepzo IM Christmas"]
[Site "Budapest"]
[Date "2023.12.26"]
[Round "1"]
[White "Pandey, Srishti"]
[Black "Bokros, Albert"]
[Result "0-1"]
[WhiteElo "2195"]
[BlackElo "2460"]
[PlyCount "138"]
[EventDate "2023.12.26"]
[EventType "tourn"]
[EventRounds "9"]
[EventCountry "HUN"]
[SourceTitle "CB02_2024"]
[SourceDate "2024.01.10"]
[SourceVersion "1"]
[SourceVersionDate "2024.01.10"]
[SourceQuality "1"]

1. e4 c5 2. Nf3 e6 3. d4 cxd4 4. Nxd4 a6 5. a3 Nf6 6. Nc3 d6 7. Be3 Nbd7 8. g4 h6 9. Rg1 b5 10. Qe2 Bb7 11. f3 Rc8 12. h4 e5 13. Nb3 Be7 14. Qd2 Nb6 15. Na5 Ba8 16. g5 hxg5 17. hxg5 Nh5 18. 0-0-0 g6 19. Rh1 Qc7 20. Kb1 Rb8 21. Nd5 Nxd5 22. exd5 Rg8 23. Rh3 Kf8 24. Nb3 Rc8 25. Rh2 Qd8 26. Bh3 Rb8 27. Rg1 Qc7 28. Rd1 Bd8 29. Bg4 a5 30. Bxh5 gxh5 31. f4 a4 32. Nc1 b4 33. axb4 Qc4 34. fxe5 Qxb4 35. Qxb4 Rxb4 36. Rxh5 Re4 37. Rd3 Rxe5 38. Bf4 Rf5 39. Bxd6+ Kg7 40. Ne2 Re8 41. Nc3 Ba5 42. Nxa4 Re1+ 43. Ka2 Bxd5+ 44. Rxd5 Rxd5 45. Ba3 Re2 46. c4 Rf5 47. Rh6 Rxg5 48. Ra6 Bd8 49. Ra8 Be7 50. Nc3 Re6 51. Nd5 Bxa3 52. Kxa3 Rg4 53. Kb4 f5 54. Ra7+ Kg6 55. Kb5 f4 56. c5 f3 57. Ra3 Re5 58. Kc6 Rd4 59. Ne3 f2 60. Nf1 Rc4 61. b4 Rxb4 62. Kd6 Re1 63. Rg3+ Kf5 64. Nh2 Rd4+ 65. Kc7 Rf4 66. c6 Rh1 67. Kb6 Rxh2 68. c7 Rh8 69. Rh3 Rf8 0-1

[Event "Budapest Vezerkepzo IM 12"]
[Site "Budapest"]
[Date "2023.12.22"]
[Round "9"]
[White "Varadi, Viktor"]
[Black "Pandey, Srishti"]
[Result "0-1"]
[WhiteElo "2371"]
[BlackElo "2195"]
[PlyCount "118"]
[EventDate "2023.12.14"]
[EventType "tourn"]
[EventRounds "9"]
[EventCountry "HUN"]
[SourceTitle "CB52_2023"]
[SourceDate "2023.12.27"]
[SourceVersion "1"]
[SourceVersionDate "2023.12.27"]
[SourceQuality "1"]

1. e4 e5 2. Nf3 Nc6 3. Bb5 a6 4. Ba4 Nf6 5. 0-0 Be7 6. Re1 b5 7. Bb3 0-0 8. c3 d5 9. exd5 Nxd5 10. Nxe5 Nxe5 11. Rxe5 Bb7 12. d4 Bf6 13. Re1 Re8 14. Nd2 b4 15. Rxe8+ Qxe8 16. Bxd5 Bxd5 17. Nf1 bxc3 18. bxc3 Rd8 19. Qd3 c5 20. Bb2 Qe6 21. a4 Bc4 22. Qd2 Bxf1 23. Rxf1 Qc4 24. a5 h6 25. Rd1 Qa2 26. Ra1 Qc4 27. Rd1 Qa2 28. Ra1 Qc4 29. h3 cxd4 30. cxd4 Bxd4 31. Rc1 Qa2 32. Rc2 Bf6 33. Qe2 Bxb2 34. Rxb2 Qa1+ 35. Kh2 Qxa5 36. Rb7 Qd2 37. Qf3 Qd5 38. Qxd5 Rxd5 39. Ra7 Rd6 40. h4 h5 41. Ra8+ Kh7 42. g3 Rf6 43. Kg2 Kg6 44. Ra7 Re6 45. Kf3 Kf6 46. Kf4 Rb6 47. Kf3 Ke5 48. Kg2 Rf6 49. Kg1 Kd5 50. Kg2 Kc5 51. Ra8 Kb6 52. Rg8 g6 53. Rb8+ Kc7 54. Rb1 a5 55. f3 a4 56. g4 a3 57. Kg3 a2 58. Ra1 Ra6 59. Kf4 Ra5 0-1

[Event "Budapest FS11 IM"]
[Site "Budapest"]
[Date "2023.11.14"]
[Round "9"]
[White "Pandey, Srishti"]
[Black "Balint, Vilmos"]
[Result "0-1"]
[WhiteElo "2187"]
[BlackElo "2200"]
[PlyCount "76"]
[EventDate "2023.11.04"]
[EventType "tourn"]
[EventRounds "9"]
[EventCountry "HUN"]
[SourceTitle "CB47_2023"]
[SourceDate "2023.11.22"]
[SourceVersion "1"]
[SourceVersionDate "2023.11.22"]
[SourceQuality "1"]

1. e4 e6 2. d4 d5 3. Nc3 Bb4 4. e5 Ne7 5. a3 Bxc3+ 6. bxc3 b6 7. Qg4 Ng6 8. h4 h5 9. Qd1 Ba6 10. Bxa6 Nxa6 11. Bg5 Qd7 12. a4 Nb8 13. Ne2 Qc6 14. Qd3 Qc4 15. Qe3 Nc6 16. Ng3 Kd7 17. Kd2 Raf8 18. Rhe1 Na5 19. f4 Qc6 20. Qd3 Nc4+ 21. Kc1 f5 22. exf6 gxf6 23. Qxg6 Nd6 24. Ra3 fxg5 25. hxg5 h4 26. Qxe6+ Kd8 27. g6 Re8 28. g7 Rhg8 29. Qf6+ Kc8 30. Ne2 Qd7 31. a5 Kb7 32. a6+ Kb8 33. Qxh4 Qxg7 34. c4 Nxc4 35. Rh3 Qxg2 36. Rh2 Qf3 37. Rh3 Qxe2 38. Rhh1 Qd2+ 0-1

[Event "Budapest Vezerkepzo Autumn IM"]
[Site "Budapest"]
[Date "2023.10.20"]
[Round "2"]
[White "Varga, Zoltan"]
[Black "Pandey, Srishti"]
[Result "1-0"]
[WhiteElo "2356"]
[BlackElo "2133"]
[PlyCount "93"]
[EventDate "2023.10.19"]
[EventType "tourn"]
[EventRounds "9"]
[EventCountry "HUN"]
[SourceTitle "Mega2024 Update 01"]
[Source "Chessbase"]
[SourceDate "2023.11.12"]
[SourceVersion "1"]
[SourceVersionDate "2023.11.12"]
[SourceQuality "1"]

1. c4 e5 2. Nc3 d6 3. g3 g6 4. d4 Nd7 5. Nf3 Bg7 6. Bg2 Ngf6 7. b3 0-0 8. dxe5 dxe5 9. Ba3 Re8 10. 0-0 c6 11. Qc1 e4 12. Ng5 Bh6 13. h4 e3 14. f4 Nh5 15. Qe1 Bg7 16. Rc1 Ndf6 17. Nce4 h6 18. Rd1 Bd7 19. Nc5 Qc8 20. Nce4 Nxe4 21. Nxe4 Bh3 22. Nd6 Qg4 23. Bf3 Qxg3+ 24. Qxg3 Nxg3 25. Rfe1 Be6 26. Nxe8 Rxe8 27. Kh2 Nf5 28. h5 Nd4 29. Bc5 Nc2 30. Rg1 Bf5 31. Bg4 Bxg4 32. Rxg4 b6 33. Rc1 bxc5 34. Rxc2 gxh5 35. Rg3 Re4 36. Rc3 h4 37. Rgxe3 Rxf4 38. Re8+ Kh7 39. Rf3 Rd4 40. Rxf7 Kg6 41. Rxa7 Bf6 42. Rc7 Rd2 43. Rxc6 Kf7 44. Re4 Bd4 45. a4 Rb2 46. Rb6 Bf2 47. Rf4+ 1-0

[Event "Titled Tuesday intern op 12th Sep Early"]
[Site "Chess.com INT"]
[Date "2023.09.12"]
[Round "5"]
[White "Bilan, Danila"]
[Black "Pandey, Srishti"]
[Result "1-0"]
[WhiteElo "2303"]
[BlackElo "2133"]
[PlyCount "71"]
[EventDate "2023.09.12"]
[EventType "swiss (blitz)"]
[EventRounds "11"]
[EventCountry "USA"]
[SourceTitle "EXT 2024"]
[Source "ChessBase"]
[SourceDate "2023.10.10"]
[SourceVersion "1"]
[SourceVersionDate "2023.10.10"]
[SourceQuality "1"]

1. d4 Nf6 2. Nf3 d6 3. Bg5 Ne4 4. Bh4 c5 5. c3 Nd7 6. e3 h6 7. Nbd2 Nxd2 8. Qxd2 g5 9. Bg3 Bg7 10. Bc4 Nb6 11. Bd3 Be6 12. a4 cxd4 13. exd4 Bc4 14. a5 Bxd3 15. Qxd3 Nd7 16. 0-0 0-0 17. Rfe1 Nf6 18. h4 g4 19. Nh2 Qd7 20. Nf1 Nh5 21. a6 b6 22. Ne3 f5 23. Nd5 e6 24. Nf4 Nxg3 25. fxg3 Rfe8 26. Re2 Rad8 27. Rae1 e5 28. Nd5 exd4 29. Ne7+ Kh8 30. cxd4 Rxe7 31. Rxe7 Qa4 32. Rxg7 Kxg7 33. Re7+ Kf6 34. Qe3 Qc4 35. Rxa7 Qe6 36. Qxh6# 1-0

[Event "Titled Tuesday intern op 12th Sep Early"]
[Site "Chess.com INT"]
[Date "2023.09.12"]
[Round "4"]
[White "Pandey, Srishti"]
[Black "Kuzhilniy, Oleksandr"]
[Result "1-0"]
[WhiteElo "2133"]
[BlackElo "2260"]
[PlyCount "65"]
[EventDate "2023.09.12"]
[EventType "swiss (blitz)"]
[EventRounds "11"]
[EventCountry "USA"]
[SourceTitle "EXT 2024"]
[Source "ChessBase"]
[SourceDate "2023.10.10"]
[SourceVersion "1"]
[SourceVersionDate "2023.10.10"]
[SourceQuality "1"]

1. d4 Nf6 2. c4 e5 3. dxe5 Ng4 4. Bf4 Nc6 5. Nf3 Bb4+ 6. Nc3 Bxc3+ 7. bxc3 Qe7 8. Qd5 f6 9. exf6 Nxf6 10. Qd3 d6 11. e3 0-0 12. Be2 Ne4 13. Nd4 Nc5 14. Qb1 Ne5 15. 0-0 Kh8 16. Bg3 b6 17. a4 a5 18. Re1 Bb7 19. Bf1 Rae8 20. e4 Qf7 21. f4 Ng6 22. e5 Nxf4 23. exd6 Rxe1 24. Qxe1 cxd6 25. Rb1 Nxa4 26. Bxf4 Qxf4 27. Ne6 Qf6 28. Nxf8 Qxf8 29. Qe6 Nc5 30. Qe3 a4 31. Rxb6 Qd8 32. Rxd6 Qc8 33. Qxc5 1-0

[Event "Titled Tuesday intern op 15th Aug Early"]
[Site "Chess.com INT"]
[Date "2023.08.15"]
[Round "4"]
[White "Clawitter, Craig"]
[Black "Pandey, Srishti"]
[Result "0-1"]
[WhiteElo "2050"]
[BlackElo "2133"]
[PlyCount "70"]
[EventDate "2023.08.15"]
[EventType "swiss (blitz)"]
[EventRounds "11"]
[EventCountry "USA"]
[SourceTitle "EXT 2024"]
[Source "ChessBase"]
[SourceDate "2023.10.10"]
[SourceVersion "1"]
[SourceVersionDate "2023.10.10"]
[SourceQuality "1"]

1. e4 e5 2. Nf3 Nc6 3. Bb5 a6 4. Ba4 d6 5. c3 Bg4 6. d3 Nge7 7. h3 Bd7 8. 0-0 Ng6 9. d4 Be7 10. d5 Nb8 11. c4 0-0 12. Nc3 Bxa4 13. Qxa4 Nd7 14. b4 f5 15. exf5 Rxf5 16. Ne4 Qf8 17. Nfg5 Bxg5 18. Nxg5 Qe7 19. Qc2 Rxg5 20. Bxg5 Qxg5 21. Kh2 Rf8 22. g3 Rf3 23. c5 Qf6 24. c6 bxc6 25. dxc6 Ndf8 26. Kg2 Ne6 27. Qc4 Kf8 28. Qxa6 Rc3 29. Qc8+ Kf7 30. Qd7+ Ne7 31. f4 exf4 32. gxf4 Qg6+ 33. Kh1 Qe4+ 34. Kg1 Rg3+ 35. Kh2 Qg2# 0-1

[Event "Titled Tuesday intern op 01st Aug Early"]
[Site "Chess.com INT"]
[Date "2023.08.01"]
[Round "10"]
[White "Borgaonkar, Akshay"]
[Black "Pandey, Srishti"]
[Result "0-1"]
[WhiteElo "2076"]
[BlackElo "2133"]
[PlyCount "76"]
[EventDate "2023.08.01"]
[EventType "swiss (blitz)"]
[EventRounds "11"]
[EventCountry "USA"]
[SourceTitle "EXT 2024"]
[Source "ChessBase"]
[SourceDate "2023.10.10"]
[SourceVersion "1"]
[SourceVersionDate "2023.10.10"]
[SourceQuality "1"]

1. d4 Nf6 2. Bf4 d5 3. e3 c5 4. Nf3 Nc6 5. Nbd2 e6 6. c3 cxd4 7. exd4 Nh5 8. Be3 Bd6 9. Ne5 Nf6 10. Bb5 Qb6 11. Bxc6+ bxc6 12. Qb3 Bb7 13. f3 Nd7 14. Nxd7 Kxd7 15. 0-0 Ba6 16. Rfe1 Rab8 17. Qa4 Bd3 18. b4 h5 19. Nb3 Bb5 20. Qa3 h4 21. h3 Rbg8 22. Qc1 Qd8 23. Bf4 g5 24. Bxd6 Kxd6 25. a4 Bc4 26. Na5 Kc7 27. Qe3 Qd6 28. b5 cxb5 29. axb5 Bxb5 30. Reb1 a6 31. Nb3 f5 32. Nc5 Re8 33. Rxb5 axb5 34. Ra6 Qg3 35. Ra7+ Kc8 36. Qc1 g4 37. Qa3 Qe1+ 38. Kh2 g3# 0-1

[Event "Titled Tuesday intern op 01st Aug Early"]
[Site "Chess.com INT"]
[Date "2023.08.01"]
[Round "7"]
[White "Pandey, Srishti"]
[Black "Novozhilov, Semen"]
[Result "1-0"]
[WhiteElo "2133"]
[BlackElo "2301"]
[PlyCount "77"]
[EventDate "2023.08.01"]
[EventType "swiss (blitz)"]
[EventRounds "11"]
[EventCountry "USA"]
[SourceTitle "EXT 2024"]
[Source "ChessBase"]
[SourceDate "2023.10.10"]
[SourceVersion "1"]
[SourceVersionDate "2023.10.10"]
[SourceQuality "1"]

1. e4 e6 2. d4 d5 3. Nc3 Nf6 4. e5 Nfd7 5. f4 c5 6. Nf3 Nc6 7. Be3 Qb6 8. Qd2 Qxb2 9. Rb1 Qa3 10. Nb5 Qxa2 11. Rd1 Rb8 12. c4 Qxd2+ 13. Rxd2 cxd4 14. Nfxd4 Bb4 15. cxd5 Bxd2+ 16. Kxd2 Nxd4 17. Bxd4 exd5 18. Bxa7 0-0 19. Bxb8 Nxb8 20. Bd3 g6 21. Nd6 Nc6 22. Rb1 f6 23. Nxc8 Rxc8 24. exf6 Rc7 25. f5 Kf7 26. fxg6+ hxg6 27. Rf1 Ne5 28. Bb1 b5 29. Ba2 Nc4+ 30. Kd3 Ra7 31. Bb1 b4 32. Kd4 Ra1 33. Bxg6+ Kxg6 34. Rxa1 Nd2 35. Rd1 Ne4 36. Rb1 Nxf6 37. Rxb4 Kf5 38. Rb6 Kg5 39. Rxf6 1-0